000
00224 a2200097 4500
001
34556
100
_a
Barker, Alan
245
_a
How to be a better decision maker
260
_a
ND
_b
Kogan Page
_c
1998
090
_c
22839
_d
22839
942
_a
NUST-CAE
_c
M
_c
14268
999
_c
269629
_d
269629